Datum a čas kvízu
36.5
Celkem bodů
Celkový počet nahraných bodů na tomto kvízu bez doplňovacích otázek.
5.
Pořadí na kvízu
Konečné umístění týmu na tomto kvízu.
Zaznamenané odpovědi
| # | Otázka | Odpověď | Body | Výsledky |
|---|---|---|---|---|
| 1. | Jak se jmenuje funkcionář, jem... | Josef Středula | 1 | |
| 2. | Švédské království ve čtvrtek... | 32. členem | 1 | |
| 3. | Po Taťáně Kuchařové, která tri... | Krystyna Pyszková | 1 | |
| 4. | Ve středu vstoupila na český t... | Partners | 1 | |
| 5. | Tři mužstva vyhrála v předkole... | Litvínov, České Budějovice, Hradec Králové | 0 | |
| 6. | Začneme prvním českým králem p... | Přemysl Otakar II., 1278 | 0 | |
| 7. | Další „slavnou“ prohrou, která... | ve Francii | 0 | |
| 8. | V bitvě u Lipan, kterou řadí m... | z Dubé | 1 | |
| 9. | Bitva na Bílé hoře zpečetila o... | v 17. století | 1 | |
| 10. | Zástupce kterého z těchto stát... | B) Španělska | 1 |